community development of world vision of cambodia in samlot district, banttambang province (ការអភិវឌ្ឍន៍សហគមន៍របស់អង្គដារទស្សនៈពិភពលោក​កម្ពូជា នៅស្រុកសំឡូត ខេត្តបាត់តំបង) (Record no. 4135)

000 -LEADER
fixed length control field 00684nam a22001577a 4500
003 - CONTROL NUMBER IDENTIFIER
control field OSt
005 - DATE AND TIME OF LATEST TRANSACTION
control field 20151207095454.0
008 - FIXED-LENGTH DATA ELEMENTS--GENERAL INFORMATION
fixed length control field 151207b xxu||||| |||| 00| 0 eng d
040 ## - CATALOGING SOURCE
Transcribing agency RUA
082 ## - DEWEY DECIMAL CLASSIFICATION NUMBER
Classification number ATM KON 2005 B193 Or.1
100 ## - MAIN ENTRY--PERSONAL NAME
9 (RLIN) 4434
Personal name KONG, SOCHEA.
245 ## - TITLE STATEMENT
Title community development of world vision of cambodia in samlot district, banttambang province (ការអភិវឌ្ឍន៍សហគមន៍របស់អង្គដារទស្សនៈពិភពលោក​កម្ពូជា នៅស្រុកសំឡូត ខេត្តបាត់តំបង)
260 ## - PUBLICATION, DISTRIBUTION, ETC. (IMPRINT)
Place of publication, distribution, etc. Phnom Penh
Name of publisher, distributor, etc. RUA
Date of publication, distribution, etc. 2005
300 ## - PHYSICAL DESCRIPTION
Extent xi, 59p.
Other physical details ill.
Dimensions 29cm.
942 ## - ADDED ENTRY ELEMENTS (KOHA)
Source of classification or shelving scheme
Koha item type ATM
Holdings
Price effective from Date last seen Permanent Location Not for loan Date acquired Source of classification or shelving scheme Koha item type Lost status Withdrawn status Date last checked out Total Checkouts Shelving location Damaged status Barcode Current Location Full call number
2015-12-072015-12-07Library Block B 2015-12-07 ATM    B193 RUA039310Library Block BATM KON 2005 B193 Or.1
2015-12-072015-12-07Library Block B 2015-12-07 ATM    B193 RUA039038Library Block BATM KON 2005 B193 Or.2
2015-12-072016-12-02Library Block B 2015-12-07 ATM  2016-11-221B193 RUA038970Library Block BATM KON 2005 B193 Or.3
2015-12-072015-12-07Library Block B 2015-12-07 ATM    B193 RUA038910Library Block BATM KON 2005 B193 Or.4
មជ្ឈមណ្ឌលឯការនៃសាកលវិទ្យាល័យភូមិន្ទកសិកម្មចំការដូង

Powered by Koha